RICO in Business and Commercial Litigation (Record no. 48605)
[ view plain ]
| 000 -LEADER | |
|---|---|
| fixed length control field | 00308nam a22001337a 4500 |
| 008 - FIXED-LENGTH DATA ELEMENTS--GENERAL INFORMATION | |
| fixed length control field | 180927b xxu||||| |||| 00| 0 eng d |
| 020 ## - INTERNATIONAL STANDARD BOOK NUMBER | |
| International Standard Book Number | 007017898 |
| 041 ## - LANGUAGE CODE | |
| Language code of text/sound track or separate title | eng |
| 080 ## - UNIVERSAL DECIMAL CLASSIFICATION NUMBER | |
| Universal Decimal Classification number | 341 |
| 100 ## - Rafti | |
| Rafti | 15 |
| 101 ## - Shkurtesa | |
| Shkurtesa | SHJ |
| 245 ## - TITLE STATEMENT | |
| Title | RICO in Business and Commercial Litigation |
| Statement of responsibility, etc | Roddy, K.P |
| 942 ## - ADDED ENTRY ELEMENTS (KOHA) | |
| Source of classification or shelving scheme | |
| Item type | Books |
| Withdrawn status | Lost status | Source of classification or shelving scheme | Damaged status | Not for loan | Collection code | Permanent location | Current location | Shelving location | Date acquired | Total Checkouts | Full call number | Barcode | Date last seen | Price effective from | Koha item type |
|---|---|---|---|---|---|---|---|---|---|---|---|---|---|---|---|
| Koleksioni i përgjithshem | UBT - Lipjan | UBT - Lipjan | Koleksioni i përgjithshem | 09/27/2018 | 341 ROD | 002-3013613 | 09/27/2018 | 09/27/2018 | Books | ||||||
| Koleksioni i përgjithshem | UBT - Lipjan | UBT - Lipjan | Koleksioni i përgjithshem | 09/27/2018 | 341 ROD | 002-3013618 | 09/27/2018 | 09/27/2018 | Books |